<?xml version="1.0" encoding="UTF-8"?>
<record
    xmlns:xsi="http://www.w3.org/2001/XMLSchema-instance"
    xsi:schemaLocation="http://www.loc.gov/MARC21/slim http://www.loc.gov/standards/marcxml/schema/MARC21slim.xsd"
    xmlns="http://www.loc.gov/MARC21/slim">

  <leader>01171cam a2200277 a 4500</leader>
  <controlfield tag="001">000015179</controlfield>
  <controlfield tag="005">20200929163957.0</controlfield>
  <controlfield tag="008">910306s1987    ec a     b    000 0 spa  </controlfield>
  <datafield tag="040" ind1=" " ind2=" ">
    <subfield code="a">DO-SdBNP</subfield>
    <subfield code="c">DLC</subfield>
  </datafield>
  <datafield tag="043" ind1=" " ind2=" ">
    <subfield code="a">s-ec---</subfield>
  </datafield>
  <datafield tag="082" ind1=" " ind2=" ">
    <subfield code="a">255.539866</subfield>
    <subfield code="b">J58</subfield>
  </datafield>
  <datafield tag="245" ind1="0" ind2="4">
    <subfield code="a">Los Jesuitas en el Ecuador /</subfield>
    <subfield code="c">con textos de Alejandro Carri&#xF3;n ... [et al.] y un ap&#xE9;ndice conteniendo el mensaje del Padre General Peter-Hans Kolvenbach.</subfield>
  </datafield>
  <datafield tag="260" ind1=" " ind2=" ">
    <subfield code="a">Quito :</subfield>
    <subfield code="b">Casa de la Cultura Ecuatoriana "Benjamin Carrion" :</subfield>
    <subfield code="b">Comisi&#xF3;n Nacional Permanente de Conmemoraciones C&#xED;vicas,</subfield>
    <subfield code="c">1987.</subfield>
  </datafield>
  <datafield tag="300" ind1=" " ind2=" ">
    <subfield code="a">176 p. :</subfield>
    <subfield code="b">il. ;</subfield>
    <subfield code="c">18 cm.</subfield>
  </datafield>
  <datafield tag="490" ind1="1" ind2=" ">
    <subfield code="a">Contribuci&#xF3;n al quinto centenario del descubrimiento de Am&#xE9;rica</subfield>
    <subfield code="v">4</subfield>
  </datafield>
  <datafield tag="504" ind1=" " ind2=" ">
    <subfield code="a">Incluye referencias bibliogr&#xE1;ficas.</subfield>
  </datafield>
  <datafield tag="610" ind1="2" ind2="0">
    <subfield code="a">JESUITAS</subfield>
    <subfield code="z">ECUADOR</subfield>
    <subfield code="x">HISTORIA.</subfield>
    <subfield code="9">34377</subfield>
  </datafield>
  <datafield tag="650" ind1=" " ind2="4">
    <subfield code="a">Iglesia</subfield>
    <subfield code="z">Ecuador.</subfield>
    <subfield code="x">Historia</subfield>
    <subfield code="9">34378</subfield>
  </datafield>
  <datafield tag="700" ind1="1" ind2=" ">
    <subfield code="a">Carri&#xF3;n, Alejandro</subfield>
    <subfield code="9">13388</subfield>
  </datafield>
  <datafield tag="700" ind1="1" ind2=" ">
    <subfield code="a">Lara, Jorge Salvador</subfield>
    <subfield code="9">34379</subfield>
  </datafield>
  <datafield tag="700" ind1="1" ind2=" ">
    <subfield code="a">Ter&#xE1;n Durati, Julio</subfield>
    <subfield code="9">34380</subfield>
  </datafield>
  <datafield tag="700" ind1="1" ind2=" ">
    <subfield code="a">Villalva, Jorge</subfield>
    <subfield code="9">34381</subfield>
  </datafield>
  <datafield tag="830" ind1=" " ind2="0">
    <subfield code="a">Contribuci&#xF3;n al quinto centenario del descubrimiento de Am&#xE9;rica ;</subfield>
    <subfield code="v">4</subfield>
    <subfield code="9">34071</subfield>
  </datafield>
  <datafield tag="910" ind1=" " ind2=" ">
    <subfield code="a">Catalogaci&#xF3;n por copia / LC</subfield>
  </datafield>
  <datafield tag="049" ind1=" " ind2=" ">
    <subfield code="a">BNGR</subfield>
  </datafield>
  <datafield tag="952" ind1=" " ind2=" ">
    <subfield code="0">0</subfield>
    <subfield code="1">0</subfield>
    <subfield code="5">2</subfield>
    <subfield code="7">0</subfield>
    <subfield code="8">MO</subfield>
    <subfield code="a">GR</subfield>
    <subfield code="b">GR</subfield>
    <subfield code="c">CT</subfield>
    <subfield code="d">2010-02-02</subfield>
    <subfield code="i">LF1</subfield>
    <subfield code="l">0</subfield>
    <subfield code="o">255.539866 J58</subfield>
    <subfield code="p">15179-10</subfield>
    <subfield code="r">2020-06-25</subfield>
    <subfield code="w">2020-06-25</subfield>
    <subfield code="y">2</subfield>
    <subfield code="Z">Pr&#xE9;stamo interno</subfield>
  </datafield>
  <datafield tag="999" ind1=" " ind2=" ">
    <subfield code="c">14750</subfield>
    <subfield code="d">14750</subfield>
  </datafield>
</record>
